000 01298nam a22003857a 4500
003 CHAP
005 20220329141528.0
008 971013s1992 r 00010 d
010 _a69638
011 _a70610
035 _a80092
040 _cCHAP
090 _aTesis
100 0 0 _aMonrroy Piña, Martín.
_977678
245 _aComparación y evaluación de técnicas minerales y vegetales en el curtido de pieles de conejo
260 _aChapingo, Méx. :
_bEl autor,
_c1992
300 _a39 h.
_b: ilus.
500 _a61-216
502 _aTesis (Ing. Agr. Esp. en Zootecnia) -- UACH. Departamento de Zootecnia
590 _aALEPH
_b10
_c20130110
_lUCH01
_h1408
590 _aBATCH-UPD
_b10
_c20130109
_lUCH01
_h2352
590 _aBATCH-UPD
_b10
_c20130110
_lUCH01
_h1516
590 _aBATCH-UPD
_b10
_c20130409
_lUCH01
_h1924
590 _aBATCH-UPD
_b10
_c20130410
_lUCH01
_h0930
590 _aBATCH-UPD
_b10
_c20130914
_lUCH01
_h0337
590 _aCONVERSION
_b10
_c20130109
_lUCH01
_h1338
650 1 4 _aAnimales de peletería.
_95884
650 1 4 _aConejos.
_926352
650 1 4 _aCurtido.
_930716
700 0 _aMorales Rodríguez, Adeodato.
_978405
901 _aBK
942 _cFOLL
949 _bBC
_cTES
_d-32989
_eTS1
_h25371
_i80092
_si
949 _bBC
_cTES
_d-97642
_eTS2
_fc.2
_h25372
_i80092
_si
999 _c69638
_d69638